<?xml version="1.0" encoding="UTF-8"?>
<record
    xmlns:xsi="http://www.w3.org/2001/XMLSchema-instance"
    xsi:schemaLocation="http://www.loc.gov/MARC21/slim http://www.loc.gov/standards/marcxml/schema/MARC21slim.xsd"
    xmlns="http://www.loc.gov/MARC21/slim">

  <leader>01347nam a2200313 a 4500</leader>
  <controlfield tag="001">000024882</controlfield>
  <controlfield tag="005">20200930023428.0</controlfield>
  <controlfield tag="008">100712s1970    ve            000 | spa d</controlfield>
  <datafield tag="040" ind1=" " ind2=" ">
    <subfield code="a">DO-SdBNP</subfield>
    <subfield code="b">spa</subfield>
    <subfield code="c">BNPHU</subfield>
  </datafield>
  <datafield tag="082" ind1=" " ind2=" ">
    <subfield code="a">891.73</subfield>
    <subfield code="b">G748i</subfield>
  </datafield>
  <datafield tag="245" ind1="0" ind2="3">
    <subfield code="a">El gran inquisidor :</subfield>
    <subfield code="b">figura capital de nuestro tiempo /</subfield>
    <subfield code="c">Fyodor Dostoyevsky; ... [et al.] ; traducci&#xF3;n Federico Gorbea.</subfield>
  </datafield>
  <datafield tag="260" ind1=" " ind2=" ">
    <subfield code="a">Caracas, (Venezuela) :</subfield>
    <subfield code="b">Monte Avila Editores,</subfield>
    <subfield code="c">1970.</subfield>
  </datafield>
  <datafield tag="300" ind1=" " ind2=" ">
    <subfield code="a">158 p. ;</subfield>
    <subfield code="c">20 cm.</subfield>
  </datafield>
  <datafield tag="490" ind1="1" ind2=" ">
    <subfield code="a">Estudios</subfield>
  </datafield>
  <datafield tag="500" ind1=" " ind2=" ">
    <subfield code="a">Incluye nota de los editores</subfield>
  </datafield>
  <datafield tag="505" ind1="0" ind2=" ">
    <subfield code="t">Nota de los editores</subfield>
    <subfield code="t">La leyenda del gran inquisiodor /</subfield>
    <subfield code="r">Fiodor Dostoievski</subfield>
    <subfield code="t">Dostoievski en su tiempo /</subfield>
    <subfield code="r">Charles Corbet,</subfield>
    <subfield code="t">Las im&#xE1;genes modeladoras del gran inquisidor /</subfield>
    <subfield code="r">Dominique Arban</subfield>
    <subfield code="t">El amor y el orden /</subfield>
    <subfield code="r">Jacques Ellul</subfield>
    <subfield code="t">La pasi&#xF3;n de la noche y la ley del d&#xED;a /</subfield>
    <subfield code="r">Jean Brun</subfield>
    <subfield code="t">El rechazo de Dios en la obra de Dostoievski /</subfield>
    <subfield code="r">Gast&#xF3;n Maire</subfield>
  </datafield>
  <datafield tag="500" ind1=" " ind2=" ">
    <subfield code="a">Incluye referencias bibliogr&#xE1;ficas</subfield>
  </datafield>
  <datafield tag="650" ind1=" " ind2="4">
    <subfield code="a">Novela rusa</subfield>
    <subfield code="9">4742</subfield>
  </datafield>
  <datafield tag="650" ind1=" " ind2="4">
    <subfield code="a">Literatura rusa</subfield>
    <subfield code="9">4743</subfield>
  </datafield>
  <datafield tag="700" ind1="1" ind2=" ">
    <subfield code="a">Dostoyevsky, Fyodor</subfield>
    <subfield code="9">51065</subfield>
  </datafield>
  <datafield tag="700" ind1="1" ind2=" ">
    <subfield code="a">Corbet, Charles</subfield>
    <subfield code="9">51066</subfield>
  </datafield>
  <datafield tag="700" ind1="1" ind2=" ">
    <subfield code="a">Arban, Dominique</subfield>
    <subfield code="9">51067</subfield>
  </datafield>
  <datafield tag="700" ind1="1" ind2=" ">
    <subfield code="a">Ellul, Jacques</subfield>
    <subfield code="9">51068</subfield>
  </datafield>
  <datafield tag="700" ind1="1" ind2=" ">
    <subfield code="a">Brun, Jean</subfield>
    <subfield code="9">51069</subfield>
  </datafield>
  <datafield tag="700" ind1="1" ind2=" ">
    <subfield code="a">Maire, Gast&#xF3;n</subfield>
    <subfield code="9">51070</subfield>
  </datafield>
  <datafield tag="700" ind1="1" ind2=" ">
    <subfield code="a">Gorbea, Federico</subfield>
    <subfield code="e">tr.</subfield>
    <subfield code="9">51071</subfield>
  </datafield>
  <datafield tag="830" ind1=" " ind2="0">
    <subfield code="a">Estudios</subfield>
    <subfield code="9">3854</subfield>
  </datafield>
  <datafield tag="049" ind1=" " ind2=" ">
    <subfield code="a">BNGR</subfield>
  </datafield>
  <datafield tag="952" ind1=" " ind2=" ">
    <subfield code="0">0</subfield>
    <subfield code="1">0</subfield>
    <subfield code="5">4</subfield>
    <subfield code="7">0</subfield>
    <subfield code="8">MO</subfield>
    <subfield code="a">GR</subfield>
    <subfield code="b">GR</subfield>
    <subfield code="c">CT</subfield>
    <subfield code="d">2011-02-07</subfield>
    <subfield code="i">LF1</subfield>
    <subfield code="l">0</subfield>
    <subfield code="o">891.73 G748i</subfield>
    <subfield code="p">24882-10</subfield>
    <subfield code="r">2020-06-25</subfield>
    <subfield code="w">2020-06-25</subfield>
    <subfield code="y">4</subfield>
    <subfield code="Z">Pr&#xE9;stamo en sala</subfield>
  </datafield>
  <datafield tag="999" ind1=" " ind2=" ">
    <subfield code="c">24375</subfield>
    <subfield code="d">24375</subfield>
  </datafield>
</record>
